Počítačový program a autorský zákon
Počítač ako nevyhnutný pracovný prostriedok podnikateľa. Právna ochrana počítačových programov. Bernský dohovor o ochrane literárnych a umeleckých diel. Smernica Európskej únie o ochrane počítačových programov. Právna ochrana počítačových programov na Slovensku.
Uložené v:
| Hlavný autor: | |
|---|---|
| Médium: | Kapitola |
| Jazyk: | Slovak |
| Predmet: | |
| Tagy: |
Žiadne tagy, Buďte prvý, kto otaguje tento záznam!
|
MARC
| LEADER | 00000naa a2200000 4500 | ||
|---|---|---|---|
| 001 | r049258 | ||
| 005 | 20230919121256.6 | ||
| 041 | 0 | |a slo | |
| 044 | |a SK | ||
| 245 | 1 | 0 | |a Počítačový program a autorský zákon |c Adriana Tomanová |
| 520 | |a Počítač ako nevyhnutný pracovný prostriedok podnikateľa. Právna ochrana počítačových programov. Bernský dohovor o ochrane literárnych a umeleckých diel. Smernica Európskej únie o ochrane počítačových programov. Právna ochrana počítačových programov na Slovensku. | ||
| 610 | 2 | 0 | |a právo autorské |
| 610 | 2 | 0 | |a programy počítačové |
| 610 | 2 | 0 | |a podnikatelia |
| 610 | 2 | 0 | |a Slovensko |
| 610 | 2 | 0 | |a Európska únia |
| 610 | 2 | 0 | |a úpravy právne |
| 610 | 2 | 0 | |a smernice |
| 100 | 1 | |a Tomanová, Adriana | |